[Event "Oberliga Ost-A 1415"]
[Site "Germany"]
[Date "2015.01.18"]
[Round "7.7"]
[White "Niegsch, Nicolas"]
[Black "Heinemann, Josefine"]
[Result "0-1"]
[WhiteElo "2068"]
[BlackElo "2043"]
[PlyCount "66"]
[EventDate "2014.09.21"]
[EventType "team-tourn"]
[EventRounds "11"]
[EventCountry "GER"]
[SourceTitle "EXT 2016"]
[Source "ChessBase"]
[SourceDate "2015.10.08"]
[SourceVersion "1"]
[SourceVersionDate "2015.10.08"]
[SourceQuality "1"]
[WhiteTeam "Loeberitz"]
[BlackTeam "Magdeburg Aufbau Elbe"]
[WhiteTeamCountry "GER"]
[BlackTeamCountry "GER"]

1. e4 c5 2. Nc3 Nc6 3. g3 g6 4. Bg2 Bg7 5. d3 d6 6. Be3 e5 7. Qd2 Nge7 8. f4 0-0 9. Nf3 f5 10. fxe5 Nxe5 11. Nxe5 Bxe5 12. 0-0 Be6 13. Rab1 Rc8 14. Bg5 Qd7 15. Nd5 Nxd5 16. exd5 Bf7 17. a3 Rfe8 18. Kh1 Bg7 19. Bf4 Re7 20. Bf3 Bf6 21. Kg2 Kg7 22. Bh6+ Kh8 23. Bf4 Rce8 24. c3 Bxd5 25. Bxd5 Re2+ 26. Qxe2 Rxe2+ 27. Rf2 Rxf2+ 28. Kxf2 g5 29. Bd2 f4 30. Kg2 Qb5 31. Bf3 Qxd3 32. Rd1 Qf5 33. g4 Qc2 0-1

[Event "GER-ch U16"]
[Site "Magdeburg"]
[Date "2014.06.10"]
[Round "4"]
[White "Niegsch, Nicolas"]
[Black "Mueller, Max1111"]
[Result "1-0"]
[WhiteElo "2036"]
[BlackElo "1925"]
[PlyCount "49"]
[EventDate "2014.06.08"]
[EventType "swiss"]
[EventRounds "9"]
[EventCountry "GER"]
[SourceTitle "CBM 160 Extra"]
[Source "ChessBase"]
[SourceDate "2014.07.01"]
[SourceVersion "1"]
[SourceVersionDate "2014.07.01"]
[SourceQuality "1"]

1. e4 c5 2. Nf3 d6 3. d4 cxd4 4. Nxd4 Nf6 5. Nc3 g6 6. Be3 Bg7 7. f3 0-0 8. Bc4 Nc6 9. Qd2 Bd7 10. h4 Ne5 11. Bb3 h5 12. 0-0-0 Rc8 13. Bg5 Rc5 14. Kb1 b5 15. g4 hxg4 16. h5 Nxh5 17. Nd5 Rxd5 18. Bxd5 Nxf3 19. Nxf3 gxf3 20. Rdg1 Be6 21. Rxh5 Bxd5 22. exd5 f6 23. Bh6 g5 24. Bxg7 Kxg7 25. Rhxg5+ 1-0